LEADER 00463nab a2200145 i 4500 001 000000288203 003 CaOOAMICUS 005 20180831165404.0 008 180831n xx uu u0 0und r 013 $a42267 040 $aSeMil$bita 245 10$a[vedi periodico]. 500 $a2014/1. 773 0 $tFünftes Seggauer Gespräch zu Staat und Kirche.$dFreistadt : Plöchl, copyr. 2014.$z978-3-903093-02-7$w()246264 996 $6245$a[vedi periodico]$9(OLS)http://semarc/title/309439 LEADER 00895nas a2200181 i 4500 001 000000002526 003 CaOOAMICUS 005 20180830125436.0 008 180830n be uu u0 0und r 040 $aSeMil$bita 245 10$aNouveaux rythmes du monde :$bReligions, cultures, vie sociale, économie : convergences. 260 $aBruges :$bAbbaye de Saint-André 500 $aConsistenza: 46e année - Nouvelle serie - Tome 1 1973-74. - Dopo il 1973-74 la rivista sospende la pubblicazione. 710 0 $aAbbaye de St. André .$0(OLS)http://semarc/name/2070 774 0 $tTitolo mancante.$w()131808 780 00$tRythmes du Monde.$dBruges : Abbaye de Saint-André $w()2892 996 $6245$aNouveaux rythmes du monde :$bReligions, cultures, vie sociale, économie : convergences$9(OLS)http://semarc/title/4273 996 $6260$aBruges :$bAbbaye de Saint-André$9(OLS)http://semarc/publisher/30186